| 000 | 00488nam a22002057a 4500 | ||
|---|---|---|---|
| 005 | 20231031130422.0 | ||
| 008 | 231019b |||||||| |||| 00| 0 eng d | ||
| 020 | _a9781444176582 | ||
| 082 |
_a650 _bBOR |
||
| 100 | _aBorrington, Karen | ||
| 245 | _aBusiness Studies | ||
| 250 | _a4th ed. | ||
| 260 |
_aUSA _bHodder Education _c2018 |
||
| 300 | _a355 | ||
| 500 | _aInclude Index | ||
| 650 | _aManagement | ||
| 700 | _aKaren Borrington | ||
| 700 | _aPeter Stimpson | ||
| 999 |
_c34616 _d34616 |
||